[Event "Corrientes Mayor Rosarino op"]
[Site "Corrientes"]
[Date "2022.10.10"]
[Round "8"]
[White "Gutierrez, Ramiro1111"]
[Black "Aguerreberry, Claudio"]
[Result "1-0"]
[WhiteElo "1864"]
[BlackElo "2106"]
[PlyCount "55"]
[EventDate "2022.10.06"]
[EventType "swiss"]
[EventRounds "9"]
[EventCountry "ARG"]
[SourceTitle "CBM 210 Extra"]
[Source "ChessBase"]
[SourceDate "2022.11.30"]
[SourceVersion "1"]
[SourceVersionDate "2022.11.30"]
[SourceQuality "1"]

1. e4 c5 2. Nc3 Nc6 3. g3 g6 4. Bg2 Bg7 5. d3 e6 6. Be3 Nge7 7. Bxc5 Qa5 8. Be3 Bxc3+ 9. bxc3 Qxc3+ 10. Bd2 Qg7 11. Ne2 d5 12. exd5 exd5 13. 0-0 0-0 14. Rb1 Rd8 15. Nc3 b6 16. Re1 Be6 17. a4 Rac8 18. Ne2 Nd4 19. c3 Nxe2+ 20. Qxe2 Nc6 21. Bg5 Rd7 22. Qd2 Na5 23. d4 Rdc7 24. Qf4 Rxc3 25. Bh6 Qh8 26. Rxe6 fxe6 27. Bh3 Re8 28. Bxe6+ 1-0

[Event "Corrientes Mayor Rosarino op"]
[Site "Corrientes"]
[Date "2022.10.07"]
[Round "2"]
[White "Mizzau, Pablo"]
[Black "Aguerreberry, Claudio"]
[Result "1-0"]
[WhiteElo "2191"]
[BlackElo "2106"]
[PlyCount "141"]
[EventDate "2022.10.06"]
[EventType "swiss"]
[EventRounds "9"]
[EventCountry "ARG"]
[SourceTitle "CBM 210 Extra"]
[Source "ChessBase"]
[SourceDate "2022.11.30"]
[SourceVersion "1"]
[SourceVersionDate "2022.11.30"]
[SourceQuality "1"]

1. e4 c5 2. Nf3 Nc6 3. d4 cxd4 4. Nxd4 e5 5. Nb5 d6 6. N1c3 a6 7. Na3 h6 8. Nc4 Nf6 9. Be3 Be6 10. Nb6 Rb8 11. Be2 Be7 12. 0-0 0-0 13. Nbd5 Rc8 14. Nb6 Rb8 15. Bf3 Re8 16. g3 Bf8 17. Ncd5 Bh3 18. Nxf6+ Qxf6 19. Nd5 Qd8 20. Re1 Be6 21. c3 b5 22. Qd2 Ne7 23. Nxe7+ Rxe7 24. Red1 Reb7 25. Be2 Rd7 26. Bf3 Qc7 27. Qe2 Rbd8 28. Bg4 Re7 29. Bxe6 fxe6 30. a4 Qc6 31. axb5 axb5 32. Qg4 Kh7 33. h4 d5 34. h5 Qe8 35. Ra6 d4 36. cxd4 exd4 37. Rxd4 Rxd4 38. Bxd4 Qc8 39. Qg6+ Kg8 40. Rb6 e5 41. Bc3 Qd7 42. Kg2 Rf7 43. Bxe5 Qd2 44. Rf6 Rd7 45. Bc3 Qc2 46. Rxf8+ Kxf8 47. Bb4+ Kg8 48. Qe8+ Kh7 49. Qxd7 Qxe4+ 50. Kg1 Qxb4 51. Qf5+ Kg8 52. Qe6+ Kh7 53. Qe5 Qb3 54. Kg2 Qd3 55. b4 Qc4 56. Qf5+ Kg8 57. Qf4 Qd5+ 58. Qf3 Qc4 59. Qa8+ Kh7 60. Qf8 Qd5+ 61. Qf3 Qc4 62. Qf5+ Kg8 63. Qc5 Qe4+ 64. Kh2 Qd3 65. Kg2 Qe4+ 66. Kf1 Qd3+ 67. Ke1 Kh7 68. g4 Qe4+ 69. Kd2 Qxg4 70. Qxb5 Qd4+ 71. Qd3+ 1-0

[Event "ARG-ch sf 94th"]
[Site "Buenos Aires"]
[Date "2019.04.06"]
[Round "8"]
[White "Aguerreberry, Claudio"]
[Black "Carcamo, Matias"]
[Result "0-1"]
[WhiteElo "2224"]
[BlackElo "2052"]
[PlyCount "58"]
[EventDate "2019.03.30"]
[EventType "swiss"]
[EventRounds "9"]
[EventCountry "ARG"]
[SourceTitle "CBM 189 Extra"]
[Source "ChessBase"]
[SourceDate "2019.06.03"]
[SourceVersion "1"]
[SourceVersionDate "2019.06.03"]
[SourceQuality "1"]

1. e4 c6 2. d4 d5 3. exd5 cxd5 4. c4 Nf6 5. Nc3 e6 6. Nf3 Nc6 7. a3 a6 8. Bd3 dxc4 9. Bxc4 b5 10. Ba2 b4 11. axb4 Nxb4 12. Bb3 Be7 13. 0-0 0-0 14. Re1 Bb7 15. Ne5 Qb6 16. Bf4 Rad8 17. Qe2 Qxd4 18. Nxf7 Rxf7 19. Qxe6 Nfd5 20. Ne4 Bc8 21. Qe5 Nc6 22. Rad1 Qxd1 23. Rxd1 Nxe5 24. Rxd5 Rxd5 25. Bxd5 Nd3 26. Bg5 Nc5 27. Bxe7 Nxe4 28. f4 Bb7 29. Bc4 Nf6 0-1

[Event "ARG-ch sf 94th"]
[Site "Buenos Aires"]
[Date "2019.04.05"]
[Round "7"]
[White "Zapata Charles, Santiago"]
[Black "Aguerreberry, Claudio"]
[Result "1-0"]
[WhiteElo "2303"]
[BlackElo "2224"]
[PlyCount "52"]
[EventDate "2019.03.30"]
[EventType "swiss"]
[EventRounds "9"]
[EventCountry "ARG"]
[SourceTitle "CBM 189 Extra"]
[Source "ChessBase"]
[SourceDate "2019.06.03"]
[SourceVersion "1"]
[SourceVersionDate "2019.06.03"]
[SourceQuality "1"]

1. e4 e5 2. Bc4 d6 3. Nf3 Be7 4. 0-0 Nf6 5. d3 0-0 6. c3 c6 7. Bb3 Nbd7 8. Re1 Qc7 9. d4 h6 10. Nbd2 Re8 11. Nf1 Nf8 12. Ng3 Be6 13. Bc2 Ng6 14. h3 Rad8 15. Bd2 Bf8 16. Qc1 Qc8 17. b4 c5 18. bxc5 dxc5 19. d5 Bd7 20. c4 Bd6 21. Rb1 Qc7 22. Qa3 b6 23. Ba4 Nf4 24. Bxd7 Qxd7 25. Nf1 g6 26. Bxf4 Nxe4 1-0

[Event "ARG-ch sf 94th"]
[Site "Buenos Aires"]
[Date "2019.04.04"]
[Round "6"]
[White "Aguerreberry, Claudio"]
[Black "Villanueva, Guillermo"]
[Result "1-0"]
[WhiteElo "2224"]
[BlackElo "2064"]
[PlyCount "81"]
[EventDate "2019.03.30"]
[EventType "swiss"]
[EventRounds "9"]
[EventCountry "ARG"]
[SourceTitle "CBM 189 Extra"]
[Source "ChessBase"]
[SourceDate "2019.06.03"]
[SourceVersion "1"]
[SourceVersionDate "2019.06.03"]
[SourceQuality "1"]

1. e4 c5 2. Nf3 d6 3. Bb5+ Bd7 4. Bxd7+ Nxd7 5. 0-0 Ngf6 6. Re1 e6 7. b3 Be7 8. Bb2 0-0 9. d4 cxd4 10. Nxd4 a6 11. c4 Rc8 12. Nc3 Re8 13. Qd2 Ne5 14. Rad1 Qb6 15. h3 Red8 16. Kh1 Nc6 17. Nxc6 bxc6 18. Qe2 d5 19. exd5 cxd5 20. Nxd5 Nxd5 21. cxd5 Bb4 22. Qe5 f6 23. Qxe6+ Qxe6 24. Rxe6 Rc2 25. a3 Rxb2 26. axb4 Rxb3 27. Rb6 Rd7 28. f4 Kf8 29. Rd4 Ra3 30. f5 Ra4 31. Rd2 a5 32. b5 Rf4 33. g4 h5 34. d6 hxg4 35. hxg4 Rxg4 36. Ra6 g6 37. b6 gxf5 38. Ra7 Rxd6 39. Re2 Re4 40. Rxe4 fxe4 41. b7 1-0

[Event "ARG-ch sf 94th"]
[Site "Buenos Aires"]
[Date "2019.04.03"]
[Round "5"]
[White "Lorenzini, Martin"]
[Black "Aguerreberry, Claudio"]
[Result "1-0"]
[WhiteElo "2436"]
[BlackElo "2224"]
[PlyCount "37"]
[EventDate "2019.03.30"]
[EventType "swiss"]
[EventRounds "9"]
[EventCountry "ARG"]
[SourceTitle "CBM 189 Extra"]
[Source "ChessBase"]
[SourceDate "2019.06.03"]
[SourceVersion "1"]
[SourceVersionDate "2019.06.03"]
[SourceQuality "1"]

1. e4 c5 2. Nf3 Nc6 3. Bb5 g6 4. Bxc6 dxc6 5. d3 Bg7 6. h3 Nf6 7. Nc3 0-0 8. Be3 Nd7 9. Qd2 e5 10. Bh6 Re8 11. Bxg7 Kxg7 12. 0-0 Nf8 13. Ne2 Qf6 14. Nh2 Ne6 15. Ng4 Qg5 16. f4 exf4 17. Nxf4 h6 18. Nxe6+ Rxe6 19. Rxf7+ 1-0

[Event "ARG-ch sf 94th"]
[Site "Buenos Aires"]
[Date "2019.04.02"]
[Round "4"]
[White "Aguerreberry, Claudio"]
[Black "Fiorito, Joaquin"]
[Result "1-0"]
[WhiteElo "2224"]
[BlackElo "1747"]
[PlyCount "101"]
[EventDate "2019.03.30"]
[EventType "swiss"]
[EventRounds "9"]
[EventCountry "ARG"]
[SourceTitle "CBM 189 Extra"]
[Source "ChessBase"]
[SourceDate "2019.06.03"]
[SourceVersion "1"]
[SourceVersionDate "2019.06.03"]
[SourceQuality "1"]

1. e4 e5 2. Nf3 Nc6 3. Bb5 a6 4. Bxc6 dxc6 5. 0-0 Qd6 6. d3 c5 7. Be3 f6 8. Nc3 Ne7 9. Nh4 Be6 10. f4 exf4 11. Bxf4 Qd4+ 12. Kh1 0-0-0 13. Qe1 Qd7 14. Be3 Nc6 15. Qf2 Nd4 16. b3 Qc6 17. Bxd4 cxd4 18. Ne2 Qxc2 19. Rfc1 Qxd3 20. Nf4 Qxe4 21. Re1 Qc6 22. Nxe6 Rd7 23. Rac1 Qd5 24. Nf5 Bb4 25. Qf4 c6 26. Re4 Bd2 27. Qxd2 Qxe4 28. Nfxg7 Qg6 29. Rf1 Rxg7 30. Nxg7 Qxg7 31. Qxd4 Rg8 32. g3 Rf8 33. Re1 Rd8 34. Qf4 Qf7 35. Qf5+ Kb8 36. Re6 Rd1+ 37. Kg2 Rd2+ 38. Kh3 Rxa2 39. Rxf6 Qxb3 40. Rf8+ Ka7 41. Qc5+ Qb6 42. Ra8+ Kxa8 43. Qxb6 a5 44. Qd8+ Ka7 45. Qd4+ Ka8 46. Qh8+ Ka7 47. Qxh7 a4 48. Qb1 Rd2 49. Qb4 Ra2 50. Qc4 Rd2 51. Qxa4+ 1-0

[Event "Villa Constitucion op"]
[Site "Villa Constitucion"]
[Date "2018.09.01"]
[Round "4"]
[White "Lorenzini, Martin"]
[Black "Aguerreberry, Claudio"]
[Result "1-0"]
[WhiteElo "2430"]
[BlackElo "2222"]
[PlyCount "57"]
[EventDate "2018.08.31"]
[EventType "swiss"]
[EventRounds "6"]
[EventCountry "ARG"]
[SourceTitle "CBM 186 Extra"]
[Source "ChessBase"]
[SourceDate "2018.08.24"]
[SourceVersion "1"]
[SourceVersionDate "2018.08.24"]
[SourceQuality "1"]

1. e4 c5 2. Nf3 Nc6 3. Bb5 g6 4. 0-0 Bg7 5. c3 Nf6 6. Re1 0-0 7. h3 d6 8. d4 cxd4 9. cxd4 a6 10. Ba4 b5 11. Bc2 e5 12. d5 Na5 13. Nc3 h6 14. a4 b4 15. Na2 Rb8 16. b3 Bd7 17. Rb1 Rb7 18. Bd2 Qb8 19. Bd3 Nh5 20. Bxa6 Rb6 21. Bf1 Nf4 22. Be3 f5 23. Bxb6 Qxb6 24. Qd2 fxe4 25. Rxe4 Bf5 26. Rxb4 Qc5 27. Rc1 Qxd5 28. Qxd5+ Nxd5 29. Rb5 1-0

[Event "Rosario"]
[Site "Rosario"]
[Date "1996.??.??"]
[Round "8"]
[White "Andres Mendez, Miguel"]
[Black "Aguerreberry, Claudio"]
[Result "1-0"]
[WhiteElo "2330"]
[BlackElo "2265"]
[PlyCount "65"]
[EventDate "1996.??.??"]
[EventType "tourn"]
[EventRounds "9"]
[EventCountry "ARG"]
[EventCategory "7"]
[SourceTitle "CBM 053 Extra"]
[Source "ChessBase"]
[SourceDate "1996.09.01"]
[SourceVersion "1"]
[SourceVersionDate "1996.09.01"]
[SourceQuality "1"]

1. e4 c5 2. Nf3 Nc6 3. Bb5 d6 4. d4 cxd4 5. Qxd4 Bd7 6. Bxc6 Bxc6 7. Nc3 h6 8. Be3 e5 9. Qd3 Nf6 10. h3 b5 11. a4 bxa4 12. 0-0 Be7 13. Nd2 0-0 14. Nc4 Qc7 15. Bd2 Rfd8 16. Ne3 Qb7 17. Ned5 Nxd5 18. exd5 Bd7 19. Nxa4 f5 20. f3 Rf8 21. c4 Rae8 22. Nc3 Bd8 23. b4 Qxb4 24. Rfb1 Bb6+ 25. Be3 e4 26. Rxb4 exd3 27. Bxb6 axb6 28. Rxb6 Rc8 29. Rxd6 Be8 30. Rd1 Rxc4 31. Rxd3 Bf7 32. Rc6 Bxd5 33. Nxd5 1-0

[Event "Rosario"]
[Site "Rosario"]
[Date "1996.??.??"]
[Round "2"]
[White "Garcia Palermo, Carlos H"]
[Black "Aguerreberry, Claudio"]
[Result "0-1"]
[WhiteElo "2490"]
[BlackElo "2265"]
[PlyCount "82"]
[EventDate "1996.??.??"]
[EventType "tourn"]
[EventRounds "9"]
[EventCountry "ARG"]
[EventCategory "7"]
[SourceTitle "CBM 053 Extra"]
[Source "ChessBase"]
[SourceDate "1996.09.01"]
[SourceVersion "1"]
[SourceVersionDate "1996.09.01"]
[SourceQuality "1"]

1. d4 Nf6 2. c4 g6 3. Nc3 Bg7 4. e4 d6 5. f4 c5 6. dxc5 Qa5 7. Bd3 Qxc5 8. Nf3 0-0 9. Qe2 Nc6 10. Be3 Qa5 11. Rc1 Be6 12. a3 Rac8 13. h3 Bxc4 14. Bxc4 Nxe4 15. Qd3 Ng3 16. Rg1 e6 17. Bf2 Nh5 18. Qd2 d5 19. Be2 d4 20. Nb5 Qxd2+ 21. Kxd2 Rcd8 22. Ne5 Nxe5 23. Bxh5 Bh6 24. Bg3 gxh5 25. Nxa7 Ng6 26. Rc5 e5 27. Kd1 h4 28. Bh2 f6 29. g3 hxg3 30. Bxg3 exf4 31. Bf2 Rd7 32. Nb5 Kf7 33. Nxd4 Rfd8 34. Ke2 Rxd4 35. Bxd4 Rxd4 36. Rc7+ Ke6 37. Rxh7 f3+ 38. Kf2 Rd2+ 39. Kxf3 Ne5+ 40. Kg3 Be3 41. Re1 Bf2+ 0-1

[Event "ARG-ch sf"]
[Site "Rosario"]
[Date "1992.??.??"]
[Round "2"]
[White "Servat, Roberto"]
[Black "Aguerreberry, Claudio"]
[Result "1-0"]
[WhiteElo "2395"]
[BlackElo "2210"]
[PlyCount "73"]
[EventDate "1992.??.??"]
[EventType "swiss"]
[EventRounds "11"]
[EventCountry "ARG"]
[SourceTitle "EXT 1998"]
[Source "ChessBase"]
[SourceDate "1997.11.17"]
[SourceVersion "1"]
[SourceVersionDate "1997.11.17"]
[SourceQuality "1"]

1. e4 g6 2. d4 Bg7 3. Nc3 d6 4. Nf3 Nf6 5. Be2 0-0 6. 0-0 c6 7. h3 Qc7 8. Bf4 Nh5 9. Bg5 h6 10. Be3 e5 11. Qd2 Kh7 12. Rad1 Nd7 13. a4 Nhf6 14. dxe5 dxe5 15. Bc4 a6 16. Ra1 b6 17. Qe2 Bb7 18. Nd2 b5 19. Bd3 Rfe8 20. Nb3 Rac8 21. axb5 cxb5 22. Rfd1 Bf8 23. Qf3 Kg7 24. Ne2 Re6 25. c3 Nc5 26. Nxc5 Bxc5 27. Ng3 Rd6 28. Bc2 Bxe3 29. Qxe3 b4 30. cxb4 Rd4 31. Bd3 Qd6 32. Ne2 Rxb4 33. Bxa6 Qb8 34. Nc3 Bxa6 35. Rxa6 Nxe4 36. Nxe4 Qb7 37. Nc5 1-0

[Event "ARG-ch sf-B"]
[Site "Buenos Aires"]
[Date "1991.??.??"]
[Round "3"]
[White "Servat, Roberto"]
[Black "Aguerreberry, Claudio"]
[Result "1-0"]
[WhiteElo "2395"]
[BlackElo "2210"]
[PlyCount "75"]
[EventDate "1991.??.??"]
[EventType "tourn"]
[EventRounds "7"]
[EventCountry "ARG"]
[EventCategory "3"]
[SourceTitle "EXT 1998"]
[Source "ChessBase"]
[SourceDate "1997.11.17"]
[SourceVersion "1"]
[SourceVersionDate "1997.11.17"]
[SourceQuality "1"]

1. e4 g6 2. d4 Bg7 3. Nc3 d6 4. Nf3 Nf6 5. Be2 0-0 6. 0-0 c6 7. h3 Qc7 8. Bf4 Nh5 9. Bg5 b5 10. Qd2 b4 11. Nd1 c5 12. a3 Bb7 13. axb4 cxb4 14. Qxb4 h6 15. Be3 Bxe4 16. c4 Bb7 17. Qd2 Kh7 18. Nc3 Nf6 19. Nb5 Qd7 20. d5 a6 21. Nbd4 e6 22. dxe6 fxe6 23. Rfd1 Qf7 24. Qb4 Ne4 25. Nxe6 Nc6 26. Nxf8+ Rxf8 27. Qb3 Ne5 28. Qc2 Rc8 29. Rac1 d5 30. b3 dxc4 31. bxc4 Nc3 32. Nxe5 Bxe5 33. Re1 Be4 34. Bd3 Rxc4 35. Bxe4 Rxe4 36. Bxh6 Rxe1+ 37. Rxe1 Kxh6 38. Rxe5 1-0

[Event "ARG-ch sf-B"]
[Site "Buenos Aires"]
[Date "1991.??.??"]
[Round "7"]
[White "Szmetan, Jorge"]
[Black "Aguerreberry, Claudio"]
[Result "0-1"]
[WhiteElo "2385"]
[BlackElo "2210"]
[PlyCount "83"]
[EventDate "1991.??.??"]
[EventType "tourn"]
[EventRounds "7"]
[EventCountry "ARG"]
[EventCategory "3"]
[SourceTitle "EXT 1998"]
[Source "ChessBase"]
[SourceDate "1997.11.17"]
[SourceVersion "1"]
[SourceVersionDate "1997.11.17"]
[SourceQuality "1"]

1. e4 e6 2. d3 c5 3. Nf3 Nc6 4. g3 Nf6 5. Bg2 d5 6. Nbd2 Be7 7. 0-0 0-0 8. Re1 b5 9. a4 b4 10. exd5 exd5 11. d4 Bg4 12. dxc5 Bxc5 13. Nb3 Bb6 14. Qd3 Re8 15. Rxe8+ Qxe8 16. a5 Bxf3 17. Qxf3 Nxa5 18. Nxa5 Qe1+ 19. Bf1 Bxa5 20. Qe3 Re8 21. Qxe1 Rxe1 22. Rxa5 Rxc1 23. Rxa7 Kf8 24. Rb7 Ne4 25. Rxb4 Nd2 26. Kg2 Rxf1 27. Rd4 Rg1+ 28. Kh3 Ne4 29. Kg4 Rg2 30. f3 Nf6+ 31. Kh3 Rxc2 32. Rb4 h5 33. g4 hxg4+ 34. fxg4 g5 35. Rb5 Ke7 36. Kg3 Ne4+ 37. Kf3 Ke6 38. h3 Ke5 39. Rb8 Rf2+ 40. Ke3 d4+ 41. Kd3 Nc5+ 42. Kc4 0-1

[Event "ARG"]
[Site "Argentina"]
[Date "1985.??.??"]
[Round "?"]
[White "Barbero, Gerardo F"]
[Black "Aguerreberry, Claudio"]
[Result "1-0"]
[WhiteElo "2365"]
[BlackElo "2210"]
[PlyCount "53"]
[EventDate "1985.??.??"]
[EventType "game"]
[EventRounds "1"]
[EventCountry "ARG"]
[SourceTitle "EXT 2010"]
[Source "ChessBase"]
[SourceDate "2010.11.25"]
[SourceVersion "1"]
[SourceVersionDate "2010.11.25"]
[SourceQuality "1"]

1. Nf3 Nf6 2. c4 g6 3. Nc3 d5 4. cxd5 Nxd5 5. Qa4+ Bd7 6. Qh4 Nxc3 7. dxc3 Nc6 8. e4 h6 9. Bf4 Bg7 10. Qg3 Rc8 11. h4 e6 12. 0-0-0 a6 13. Ne5 Nxe5 14. Bxe5 Bxe5 15. Qxe5 f6 16. Qg3 Kf7 17. f4 Qe7 18. Bc4 b5 19. f5 gxf5 20. exf5 bxc4 21. Qg6+ Kf8 22. Rxd7 Qxd7 23. Qxf6+ Kg8 24. Qg6+ Qg7 25. Qxe6+ Kh7 26. f6 Qxg2 27. Qf7+ 1-0